000 00392nam a2200145Ia 4500
008 230917s9999||||xx |||||||||||||| ||und||
040 _e18671
_aMAIN
041 _aEnglish
082 _a519.287 K162M
100 _aKaufmann, A
245 0 _aMathematical models for trhe study of the reliability of systems
260 _aNew York
_bAcademic Press
_c1977
300 _ax,221 p.
942 _cBK
999 _c206503
_d206503